Spodní stavba historických budov /

Gespeichert in:
Bibliographische Detailangaben
Hauptverfasser: Štefek, Zdeněk (Verfasst von), Zejda, Pavel (Verfasst von), Kupilík, Václav (Verfasst von)
Format: Buch
Sprache:Tschechisch
Veröffentlicht: Praha: Grada, 2016
Ausgabe:1. vyd.
Schlagworte:
Tags: Tag hinzufügen
Keine Tags, Fügen Sie das erste Tag hinzu!

MARC

LEADER 00000nam a22000003a 4500
001 0066764
003 SK-STU
005 20180821141723.1
007 ta
008 180821s ----xo-----e------000-0-----d
020 |a 978-80-247-4846-7 
040 |a STU  |b slo 
041 0 |a cze  |h cze 
044 |a xr 
100 1 |a Štefek, Zdeněk  |4 aut  |r Z6 
245 1 0 |a Spodní stavba historických budov /  |c aut. Zdeněk Štefek, Pavel Zejda, Václav Kupilík 
250 |a 1. vyd. 
260 |a Praha:  |b Grada,  |c 2016 
300 |a 176 s. 
650 0 7 |a spodná stavba 
700 1 |a Zejda, Pavel  |r Z6  |4 aut 
700 1 |a Kupilík, Václav  |4 aut 
996 |c V* 52799/O-23956  |l VV25  |s P  |a 0  |w 0066764_0001 
996 |b 284V038188  |c V* 53657/O-24769  |l VVT  |s P  |a 0  |w 0066764_0002 
996 |b 284V038189  |c V* 53658/O-24769  |l VVS  |s A  |a 24  |w 0066764_0003